Applications of silicon-germanium heterostructure devices /

Bibliographic Details
Main Author: Maiti, C. K.
Other Authors: Armstrong, G. A.
Format: Book
Language:English
Published: Bristol : Institute of Physics Pub., [2001]
Series:Optics and optoelectronics series.
Subjects:

MARC

Tag First Indicator Second Indicator Subfields
LEADER 00000pam a2200000 a 4500
001 in00001663268
005 20151024121159.0
008 020114s2001 enka b 001 0 eng
015 |a GBA1-X8366 
020 |a 0750307234 
035 |a (OCoLC)ocm46908427 
040 |a UKM  |c UKM  |d C#P  |d TXA  |d UtOrBLW 
049 |a TXAM 
050 4 |a TK7871.96.B55  |b M29 2001 
082 0 4 |a 621.38152  |2 21 
100 1 |a Maiti, C. K. 
245 1 0 |a Applications of silicon-germanium heterostructure devices /  |c C.K. Maiti and G.A. Armstrong. 
264 1 |a Bristol :  |b Institute of Physics Pub.,  |c [2001] 
264 4 |c ©2001 
300 |a xv, 401 pages :  |b illustrations ;  |c 25 cm. 
336 |a text  |b txt  |2 rdacontent 
337 |a unmediated  |b n  |2 rdamedia 
338 |a volume  |b nc  |2 rdacarrier 
490 1 |a Series in optics and optoelectronics 
504 |a Includes bibliographical references and index. 
650 0 |a Heterostructures. 
650 0 |a Optoelectronic devices. 
650 0 |a Silicon crystals. 
650 0 |a Germanium crystals. 
700 1 |a Armstrong, G. A. 
830 0 |a Optics and optoelectronics series. 
994 |a E0  |b TXA 
948 |a cataloged  |b h  |c 2002/2/27  |d c  |e lmiller  |f 10:17:05 am 
999 |a MARS 
999 f f |s 44366069-b075-3037-bf7c-4fd2df2384e5  |i 622c6dd4-31dd-3f79-8ce0-ee7a172b029c  |t 0 
952 f f |p ric  |a Texas A&M University  |b Rellis Campus  |c Joint Library Facility  |d Remote Storage  |t 0  |e TK7871.96.B55 M29 2001  |h Library of Congress classification  |i unmediated -- volume  |m A14828571682 
998 f f |a TK7871.96.B55 M29 2001  |t 0  |l Remote Storage